[Event "Hong Kong op"]
[Site "Hong Kong"]
[Date "2023.12.29"]
[Round "9"]
[White "Du, Yuxin"]
[Black "Siddharth, Sai"]
[Result "1/2-1/2"]
[WhiteElo "1948"]
[BlackElo "1603"]
[PlyCount "138"]
[EventDate "2023.12.24"]
[EventType "swiss"]
[EventRounds "9"]
[EventCountry "HKG"]
[SourceTitle "CB01_2024"]
[SourceDate "2024.01.03"]
[SourceVersion "1"]
[SourceVersionDate "2024.01.03"]
[SourceQuality "1"]

1. e4 c5 2. Nf3 e6 3. b3 Nc6 4. Bb2 d5 5. exd5 exd5 6. Bb5 Nf6 7. Qe2+ Qe7 8. Ne5 Bd7 9. Bxc6 Bxc6 10. Nxc6 bxc6 11. Bxf6 Qxe2+ 12. Kxe2 gxf6 13. Nc3 Kd7 14. f4 Bd6 15. Kf3 Rae8 16. Nd1 Re4 17. g3 Rhe8 18. Ne3 h5 19. h4 Bc7 20. Nf5 Rg8 21. Rae1 Re6 22. Reg1 Ree8 23. Re1 Re6 24. Re3 Rg6 25. c3 Bb6 26. Rhe1 c4 27. R3e2 cxb3 28. axb3 Rg8 29. d4 Ba5 30. b4 Bb6 31. Rg1 Bc7 32. Ra2 Bb8 33. Rga1 Re4 34. Ra6 Rg6 35. b5 cxb5 36. Rb1 Re6 37. Ra5 a6 38. Rba1 Rc6 39. R1a3 Bd6 40. Nxd6 Kxd6 41. f5 Rg8 42. Rxa6 Rxa6 43. Rxa6+ Ke7 44. Ra7+ Kf8 45. Rd7 Kg7 46. Rxd5 Rc8 47. Rc5 Rb8 48. Ke3 b4 49. cxb4 Rxb4 50. Rc3 Kf8 51. Rd3 Ke7 52. Ke4 Rb1 53. Ra3 Rb4 54. g4 hxg4 55. Rg3 Rb1 56. Rxg4 Re1+ 57. Kd5 Rf1 58. Kc6 Rc1+ 59. Kd5 Rf1 60. Rg8 Rxf5+ 61. Kc6 Rf4 62. d5 Rc4+ 63. Kb5 Rxh4 64. Kc5 Rh1 65. Ra8 Rc1+ 66. Kd4 Rd1+ 67. Kc5 Rc1+ 68. Kd4 Rd1+ 69. Kc5 Rc1+ 1/2-1/2

[Event "Hong Kong op"]
[Site "Hong Kong"]
[Date "2023.12.28"]
[Round "8"]
[White "Siddharth, Sai"]
[Black "Castrillon Gomez, Melissa"]
[Result "1-0"]
[WhiteElo "1603"]
[BlackElo "2181"]
[PlyCount "111"]
[EventDate "2023.12.24"]
[EventType "swiss"]
[EventRounds "9"]
[EventCountry "HKG"]
[SourceTitle "CB01_2024"]
[SourceDate "2024.01.03"]
[SourceVersion "1"]
[SourceVersionDate "2024.01.03"]
[SourceQuality "1"]

1. e4 e5 2. Nf3 Nc6 3. Bb5 a6 4. Ba4 Nf6 5. 0-0 b5 6. Bb3 Be7 7. Re1 d6 8. c3 0-0 9. h3 Nb8 10. d4 Nbd7 11. Nbd2 Bb7 12. Bc2 Re8 13. Nf1 c5 14. d5 c4 15. g4 g6 16. Ng3 Nc5 17. Be3 Nfd7 18. Kg2 Bf6 19. Rh1 Nb6 20. Qd2 a5 21. Rag1 a4 22. Bxc5 dxc5 23. a3 Bg7 24. h4 Qd7 25. Nh2 Nc8 26. f3 Nd6 27. h5 f6 28. hxg6 hxg6 29. Nhf1 Kf7 30. Rh7 Rh8 31. Rgh1 Rxh7 32. Rxh7 Rh8 33. Rxh8 Bxh8 34. Qf2 Qc8 35. Ne3 Bg7 36. f4 exf4 37. Qxf4 Ke7 38. e5 fxe5 39. Qg5+ Kd7 40. Qxg6 Qf8 41. Nh5 Ne8 42. Qb6 Kc8 43. Bf5+ Kb8 44. Qd8+ Ka7 45. Nxg7 Qxg7 46. Qxe8 Qf6 47. Qxb5 Qh6 48. Qxc5+ Kb8 49. Nxc4 Qf4 50. Nb6 Qd2+ 51. Qf2 Qd1 52. c4 e4 53. Bxe4 Ka7 54. Nd7+ Ka8 55. Nb6+ Kb8 56. Bf3 1-0

[Event "Hong Kong op"]
[Site "Hong Kong"]
[Date "2023.12.27"]
[Round "7"]
[White "Li, Yiheng"]
[Black "Siddharth, Sai"]
[Result "1/2-1/2"]
[WhiteElo "1844"]
[BlackElo "1603"]
[PlyCount "109"]
[EventDate "2023.12.24"]
[EventType "swiss"]
[EventRounds "9"]
[EventCountry "HKG"]
[SourceTitle "CB01_2024"]
[SourceDate "2024.01.03"]
[SourceVersion "1"]
[SourceVersionDate "2024.01.03"]
[SourceQuality "1"]

1. e4 c5 2. Nf3 e6 3. g3 Nc6 4. Bg2 Qc7 5. 0-0 a6 6. c3 Nge7 7. Re1 d5 8. exd5 Nxd5 9. c4 Nf6 10. d4 cxd4 11. Nxd4 Nxd4 12. Qxd4 Bc5 13. Qd2 0-0 14. b4 Rd8 15. Qe2 Bxb4 16. Bd2 Bxd2 17. Nxd2 Bd7 18. Nf3 Bc6 19. Ne5 Bxg2 20. Kxg2 Rd6 21. Red1 Rad8 22. Rxd6 Rxd6 23. Rb1 Rb6 24. Rd1 Rd6 25. Rb1 Nd7 26. Nxd7 Rxd7 27. Rd1 Qc6+ 28. Kg1 h6 29. Rxd7 Qxd7 30. h4 Qd4 31. Qc2 e5 32. Qb3 e4 33. Kf1 Qa1+ 34. Ke2 Qd4 35. f3 exf3+ 36. Kxf3 Qf6+ 37. Kg2 Qc6+ 38. Kf2 b5 39. cxb5 Qc5+ 40. Kg2 axb5 41. a3 Qe5 42. Kf2 Qd4+ 43. Kg2 Qd2+ 44. Kf3 Qd7 45. Qb4 Qd3+ 46. Kf2 Kh7 47. Qe7 Qc2+ 48. Kg1 f5 49. Qb4 Qe2 50. Qd6 Qe1+ 51. Kg2 Qe4+ 52. Kf2 Qh1 53. Qd3 Qh2+ 54. Kf3 Qh1+ 55. Kf2 1/2-1/2

[Event "Hong Kong op"]
[Site "Hong Kong"]
[Date "2023.12.26"]
[Round "5"]
[White "Siddharth, Sai"]
[Black "Lam, Yui Hei"]
[Result "1-0"]
[WhiteElo "1603"]
[BlackElo "1349"]
[PlyCount "113"]
[EventDate "2023.12.24"]
[EventType "swiss"]
[EventRounds "9"]
[EventCountry "HKG"]
[SourceTitle "CB01_2024"]
[SourceDate "2024.01.03"]
[SourceVersion "1"]
[SourceVersionDate "2024.01.03"]
[SourceQuality "1"]

1. e4 e5 2. Nf3 Nc6 3. Bb5 a6 4. Ba4 b5 5. Bb3 Nf6 6. 0-0 Be7 7. Re1 d6 8. c3 0-0 9. h3 Bb7 10. d4 Na5 11. Bc2 exd4 12. cxd4 d5 13. e5 Ne4 14. Nc3 Bb4 15. Bd2 Nxd2 16. Qxd2 Bc8 17. Qf4 h6 18. Red1 Nc4 19. Nxd5 Be7 20. Qe4 g6 21. Nxe7+ Qxe7 22. Qxa8 Bf5 23. Qc6 Bxc2 24. Rdc1 Bf5 25. b3 Nb2 26. Qxc7 Qe6 27. Qc6 Nd3 28. Qxe6 Bxe6 29. Rc6 Nb4 30. Rc3 Nd5 31. Rc5 Nb4 32. Rd1 Rd8 33. Rd2 Nd5 34. Ne1 Nf4 35. Kh2 Bd5 36. f3 Ne6 37. Rc1 a5 38. Nd3 Kg7 39. Nc5 Nf4 40. g3 Ne6 41. Nxe6+ Bxe6 42. Rc5 a4 43. Rxb5 axb3 44. axb3 Bd5 45. f4 g5 46. f5 h5 47. g4 hxg4 48. hxg4 Rh8+ 49. Kg3 Rd8 50. b4 Bc4 51. Rc5 Bd5 52. b5 Be4 53. d5 Rb8 54. d6 Rd8 55. d7 Bb7 56. Rc7 Be4 57. Rc8 1-0

[Event "Hong Kong op"]
[Site "Hong Kong"]
[Date "2023.12.24"]
[Round "1"]
[White "Escobar Medina, Andres F"]
[Black "Siddharth, Sai"]
[Result "0-1"]
[WhiteElo "2293"]
[BlackElo "1603"]
[PlyCount "70"]
[EventDate "2023.12.24"]
[EventType "swiss"]
[EventRounds "9"]
[EventCountry "HKG"]
[SourceTitle "CB01_2024"]
[SourceDate "2024.01.03"]
[SourceVersion "1"]
[SourceVersionDate "2024.01.03"]
[SourceQuality "1"]

1. e4 c5 2. Nf3 e6 3. c4 Nc6 4. d4 cxd4 5. Nxd4 Qc7 6. Nc3 a6 7. Be3 Nf6 8. a3 Be7 9. Rc1 Nxd4 10. Bxd4 d6 11. Bd3 0-0 12. 0-0 b6 13. f4 Bb7 14. Qe1 Nd7 15. Rf3 Nc5 16. Qg3 f6 17. Bc2 e5 18. Be3 f5 19. exf5 Bxf3 20. Qxf3 Bf6 21. Nd5 Qa7 22. b4 Nd7 23. fxe5 Nxe5 24. Qe4 Rae8 25. Bxb6 Qb8 26. Ba4 Nd7 27. Qxe8 Qxe8 28. Bf2 Qf7 29. Rd1 Be5 30. c5 Kh8 31. c6 Qxf5 32. Ba7 Qh5 33. h3 Qh4 34. Ne3 Qf2+ 35. Kh1 Nc5 0-1

[Event "Penang op 15th"]
[Site "Penang"]
[Date "2023.12.22"]
[Round "9"]
[White "Ismail, Ahmad"]
[Black "Siddharth, Sai"]
[Result "0-1"]
[WhiteElo "1821"]
[BlackElo "1603"]
[PlyCount "92"]
[EventDate "2023.12.18"]
[EventType "swiss"]
[EventRounds "9"]
[EventCountry "MAS"]
[SourceTitle "CB52_2023"]
[SourceDate "2023.12.27"]
[SourceVersion "1"]
[SourceVersionDate "2023.12.27"]
[SourceQuality "1"]

1. d4 Nf6 2. Nf3 d5 3. e3 e6 4. Bd3 Bd6 5. b3 b6 6. Bb2 Bb7 7. 0-0 0-0 8. Ne5 c5 9. f4 Ne4 10. Rf3 f5 11. Rh3 Bxe5 12. dxe5 g6 13. g4 Nc6 14. gxf5 exf5 15. Nc3 Nxc3 16. Bxc3 a6 17. a4 Qd7 18. Rg3 Qe6 19. Qh5 Rf7 20. Kf2 Rg7 21. Qg5 c4 22. bxc4 dxc4 23. Qf6 Bc8 24. Be2 Rf7 25. Qh4 Raa7 26. Bf3 Rad7 27. Qh6 Nd8 28. Qh3 Bb7 29. Bxb7 Nxb7 30. Bd4 Nc5 31. Rgg1 Ne4+ 32. Ke2 c3 33. Rgd1 Qc4+ 34. Ke1 Rd8 35. Rab1 Qxa4 36. e6 Re7 37. Rbc1 Rxe6 38. Qh6 Rd7 39. Be5 Nd2 40. Qh3 Qc6 41. Ke2 b5 42. Rg1 b4 43. Qg2 Nf3 44. Rgd1 Rxd1 45. Rxd1 Nxe5 46. Rd8+ Kg7 0-1

[Event "Bangkok Rooky op"]
[Site "Bangkok"]
[Date "2023.10.23"]
[Round "7"]
[White "Jitwichian, Pataradit"]
[Black "Siddharth, Sai"]
[Result "1/2-1/2"]
[WhiteElo "1337"]
[BlackElo "1626"]
[PlyCount "106"]
[EventDate "2023.10.20"]
[EventType "swiss"]
[EventRounds "7"]
[EventCountry "THA"]
[SourceTitle "Mega2024 Update 01"]
[Source "Chessbase"]
[SourceDate "2023.11.12"]
[SourceVersion "1"]
[SourceVersionDate "2023.11.12"]
[SourceQuality "1"]

1. d4 Nf6 2. c4 e6 3. Nf3 d5 4. g3 Bb4+ 5. Bd2 Bxd2+ 6. Nbxd2 0-0 7. Bg2 b6 8. 0-0 Bb7 9. Qc2 Nbd7 10. Rac1 c5 11. Nb3 Rc8 12. Nfd2 cxd4 13. Nxd4 Ba6 14. b3 b5 15. Qb2 bxc4 16. bxc4 e5 17. Nb5 Rb8 18. a4 Qa5 19. Qc3 Qxc3 20. Rxc3 dxc4 21. Nxa7 Nb6 22. Nc6 Rbe8 23. a5 Nbd5 24. Rcc1 Re6 25. e4 Rxc6 26. exd5 Rc5 27. Rfe1 Nd7 28. Bf1 Rfc8 29. Bh3 Rxd5 30. Nf3 Re8 31. Bxd7 Rxd7 32. Nxe5 Rde7 33. Nf3 Rxe1+ 34. Rxe1 Rxe1+ 35. Nxe1 Kf8 36. f4 Ke7 37. Nf3 Kd6 38. Kf2 Kc5 39. Ke1 Kb4 40. Kd2 Kxa5 41. Kc3 Kb5 42. Ne5 Kc5 43. Nxf7 Kd5 44. Ne5 g5 45. Nd7 gxf4 46. gxf4 h6 47. f5 Kd6 48. Nb6 Ke5 49. Nxc4+ Kxf5 50. Ne3+ Kf4 51. Kd2 Kf3 52. Nf5 h5 53. h4 Kg4 1/2-1/2

[Event "Bangkok Rooky op"]
[Site "Bangkok"]
[Date "2023.10.20"]
[Round "2"]
[White "Nguyen, Thi Minh Oanh"]
[Black "Siddharth, Sai"]
[Result "1/2-1/2"]
[WhiteElo "1880"]
[BlackElo "1626"]
[PlyCount "106"]
[EventDate "2023.10.20"]
[EventType "swiss"]
[EventRounds "7"]
[EventCountry "THA"]
[SourceTitle "Mega2024 Update 01"]
[Source "Chessbase"]
[SourceDate "2023.11.12"]
[SourceVersion "1"]
[SourceVersionDate "2023.11.12"]
[SourceQuality "1"]

1. d4 d5 2. Bg5 h6 3. Bh4 Nf6 4. Bxf6 exf6 5. e3 Bf5 6. Nf3 Bd6 7. c4 dxc4 8. Bxc4 0-0 9. 0-0 c5 10. Nc3 a6 11. Qe2 Be6 12. dxc5 Bxc5 13. Rfd1 Qe7 14. Nd5 Bxd5 15. Bxd5 Ra7 16. Rac1 Nd7 17. Nh4 Rd8 18. Qg4 Qf8 19. Nf5 Kh7 20. Be4 g6 21. Nxh6 Kxh6 22. Rxd7 Rxd7 23. Qxd7 b5 24. Qh3+ Kg7 25. g3 Qe7 26. Qg4 Rc7 27. Kg2 Qe5 28. Qf4 Qxf4 29. exf4 a5 30. a3 b4 31. axb4 axb4 32. b3 Kf8 33. h4 Kg7 34. Kf3 Bd6 35. Rxc7 Bxc7 36. f5 g5 37. Bd5 gxh4 38. gxh4 Be5 39. h5 Bc3 40. Ke4 Be5 41. Kd3 Bc3 42. Kc4 Be1 43. f3 Bd2 44. Kc5 Bc3 45. Kd6 Be5+ 46. Ke7 Bc3 47. Bxf7 Kh6 48. Kf8 Be5 49. Bg6 Bc3 50. Kf7 Be5 51. f4 Bc3 52. Ke6 Bd4 53. Kd5 Bc3 1/2-1/2

[Event "Penang op-A 14th"]
[Site "Penang"]
[Date "2022.12.21"]
[Round "5"]
[White "Siddharth, Sai"]
[Black "Frost, Peter"]
[Result "1/2-1/2"]
[WhiteElo "1456"]
[BlackElo "1716"]
[PlyCount "78"]
[EventDate "2022.12.19"]
[EventType "swiss"]
[EventRounds "9"]
[EventCountry "MAS"]
[SourceTitle "CBM 211 Extra"]
[Source "ChessBase"]
[SourceDate "2023.01.31"]
[SourceVersion "1"]
[SourceVersionDate "2023.01.31"]
[SourceQuality "1"]

1. e4 c5 2. Nf3 d6 3. c3 Nf6 4. Bc4 e6 5. Qe2 Be7 6. 0-0 0-0 7. Bb3 Nc6 8. d4 cxd4 9. cxd4 d5 10. e5 Ne4 11. Nbd2 Nxd2 12. Bxd2 Qb6 13. Bc3 Bd7 14. Rfd1 Na5 15. Bc2 Bb5 16. Bd3 Bxd3 17. Qxd3 Rac8 18. Rac1 Rc7 19. Qd2 Nc6 20. h3 h6 21. Kh1 Qa6 22. a3 Rfc8 23. Qe1 b6 24. Bd2 Na5 25. Bxa5 Qxa5 26. Qxa5 bxa5 27. Rxc7 Rxc7 28. Rd2 Rc1+ 29. Kh2 a4 30. g3 Kf8 31. Ng1 Ke8 32. Ne2 Rc4 33. Kg2 Kd7 34. f4 Bd8 35. Kf3 Kc6 36. Ke3 Ba5 37. Rd1 Kb5 38. Rb1 Kc6 39. Kd3 Bb6 1/2-1/2

[Event "Tanglin op"]
[Site "Singapore"]
[Date "2022.05.30"]
[Round "4"]
[White "Sim, Yan Xiang Ethan"]
[Black "Siddharth, Sai"]
[Result "0-1"]
[WhiteElo "1099"]
[BlackElo "1445"]
[PlyCount "70"]
[EventDate "2022.05.28"]
[EventType "swiss"]
[EventRounds "9"]
[EventCountry "SIN"]
[SourceTitle "CBM 208 Extra"]
[Source "ChessBase"]
[SourceDate "2022.07.31"]
[SourceVersion "1"]
[SourceVersionDate "2022.07.31"]
[SourceQuality "1"]

1. e4 c5 2. c3 d5 3. exd5 Qxd5 4. d4 Nf6 5. Nf3 Nc6 6. Na3 Bg4 7. Be2 e6 8. h3 Bh5 9. Nb5 0-0-0 10. Be3 a6 11. Na3 cxd4 12. Nc4 Bc5 13. cxd4 Ba7 14. Rc1 Kb8 15. Bf4+ Ka8 16. Bc7 Rc8 17. Bb6 Nd7 18. Bxa7 Kxa7 19. 0-0 h6 20. a3 g5 21. g4 Bg6 22. Nfe5 Nxd4 23. Nxd7 Qxd7 24. Kg2 Qd5+ 25. f3 f5 26. Qe1 fxg4 27. hxg4 Nxe2 28. Qxe2 Bd3 29. Qf2+ Qc5 30. Qxc5+ Rxc5 31. Rfd1 Rxc4 32. Rxc4 Bxc4 33. Rd6 Bd5 34. Rd7 Rf8 35. Rd6 Bxf3+ 0-1

[Event "Eastern Asia-ch U10"]
[Site "Tornelo INT"]
[Date "2021.10.30"]
[Round "6"]
[White "Sachiel, Parthiban"]
[Black "Siddharth, Sai"]
[Result "0-1"]
[WhiteElo "1008"]
[BlackElo "1131"]
[PlyCount "132"]
[EventDate "2021.10.29"]
[EventType "swiss"]
[EventRounds "9"]
[EventCountry "NET"]
[SourceTitle "EXT 2023"]
[Source "ChessBase"]
[SourceDate "2022.10.05"]
[SourceVersion "1"]
[SourceVersionDate "2022.10.05"]
[SourceQuality "1"]

1. d4 Nf6 2. c4 g6 3. Nc3 Bg7 4. Bg5 d6 5. e3 0-0 6. Bd3 Nbd7 7. Nge2 e5 8. Qc2 exd4 9. exd4 Re8 10. 0-0 Nf8 11. Rfe1 Ne6 12. Bxf6 Bxf6 13. d5 Nc5 14. Ng3 Nxd3 15. Qxd3 Be5 16. Nge4 Bf5 17. Re2 Kg7 18. Rae1 Qd7 19. g3 Kg8 20. f4 Bg7 21. Qd2 Re7 22. Nf2 Rxe2 23. Qxe2 h5 24. Qe7 Rd8 25. Nb5 Bxb2 26. Qxd7 Rxd7 27. Re8+ Kg7 28. Rc8 Bb1 29. Rxc7 Rxc7 30. Nxc7 Bxa2 31. Ne4 Bxc4 32. Nxd6 Bd4+ 33. Kg2 Bb6 34. Nxc4 Bxc7 35. Kf3 Kf6 36. Ke4 Ke7 37. Kd4 f6 38. Kc5 Kd7 39. Nd2 Bb6+ 40. Kc4 f5 41. Nf3 Bc7 42. Kc5 b6+ 43. Kc4 Bd6 44. Ne5+ Bxe5 45. fxe5 g5 46. Kb5 f4 47. e6+ Kd6 48. e7 Kxe7 49. Kc6 Kd8 50. gxf4 gxf4 51. Kd6 f3 52. Ke5 f2 53. d6 f1Q 54. d7 Kxd7 55. Ke4 Ke6 56. Kd4 Qf5 57. Kc4 Qd5+ 58. Kc3 Qe4 59. Kd2 Qf3 60. Ke1 Qg2 61. Kd1 Qxh2 62. Ke1 Qa2 63. Kd1 h4 64. Ke1 h3 65. Kf1 h2 66. Ke1 h1Q# 0-1

[Event "Eastern Asia-ch U10"]
[Site "Tornelo INT"]
[Date "2021.10.30"]
[Round "4"]
[White "Salimiyan, Behzad"]
[Black "Siddharth, Sai"]
[Result "1-0"]
[WhiteElo "1524"]
[BlackElo "1131"]
[PlyCount "55"]
[EventDate "2021.10.29"]
[EventType "swiss"]
[EventRounds "9"]
[EventCountry "NET"]
[SourceTitle "EXT 2023"]
[Source "ChessBase"]
[SourceDate "2022.10.05"]
[SourceVersion "1"]
[SourceVersionDate "2022.10.05"]
[SourceQuality "1"]

1. d4 Nf6 2. Bf4 d6 3. Nc3 g6 4. e4 Bg7 5. Qd2 0-0 6. 0-0-0 Nbd7 7. f3 Nh5 8. Be3 e5 9. Nge2 exd4 10. Bxd4 Ne5 11. Ng3 Qh4 12. Nxh5 Qxh5 13. Nd5 c5 14. Be3 f5 15. exf5 gxf5 16. Be2 Qf7 17. Nc3 Nc4 18. Bxc4 Qxc4 19. Qd5+ Qxd5 20. Nxd5 Bd7 21. Bf4 Be5 22. Bxe5 dxe5 23. Ne7+ Kf7 24. Rxd7 Ke6 25. Rhd1 e4 26. f4 e3 27. R1d6+ Kf7 28. Ng6+ 1-0

[Event "Thailand Pattaya U08 op 2nd"]
[Site "Pattaya"]
[Date "2019.10.21"]
[Round "6"]
[White "Siddharth, Sai"]
[Black "Jitwichian, Pataradit"]
[Result "0-1"]
[WhiteElo "1168"]
[BlackElo "1036"]
[PlyCount "112"]
[EventDate "2019.10.19"]
[EventType "swiss"]
[EventRounds "9"]
[EventCountry "THA"]
[SourceTitle "CBM 193 Extra"]
[Source "ChessBase"]
[SourceDate "2020.01.31"]
[SourceVersion "1"]
[SourceVersionDate "2020.01.31"]
[SourceQuality "1"]

1. e4 e5 2. Nf3 Nc6 3. Bc4 Bc5 4. c3 Nf6 5. d4 exd4 6. cxd4 Bb4+ 7. Bd2 Bxd2+ 8. Nbxd2 d5 9. exd5 Nxd5 10. 0-0 Be6 11. Bb5 0-0 12. Bxc6 bxc6 13. Rc1 Qd7 14. Ne5 Qc8 15. Nxc6 Qb7 16. Nb3 Bd7 17. Ne5 Nf4 18. Qf3 Qxf3 19. Nxf3 Ne2+ 20. Kh1 Nxc1 21. Rxc1 Rac8 22. Ne5 Rfd8 23. Nc5 Bf5 24. Nc6 Re8 25. Nxa7 Rcd8 26. Rd1 Bc2 27. Rc1 Rxd4 28. h3 Rd1+ 29. Rxd1 Bxd1 30. Kh2 Re2 31. Kg3 Rxb2 32. a3 Ra2 33. Nb5 c6 34. Nd4 Rxa3+ 35. Kf4 Rc3 36. Ne4 Rc4 37. Ke3 Bc2 38. Nxc2 Rxc2 39. Kd3 Ra2 40. Ke3 f5 41. Nd6 g6 42. Nc4 f4+ 43. Kf3 g5 44. Ne5 c5 45. g3 Ra3+ 46. Kg4 fxg3 47. fxg3 c4 48. Nf3 h5+ 49. Kxg5 Rxf3 50. Kxh5 Rxg3 51. h4 Kf7 52. Kh6 Rg7 53. h5 Rg8 54. Kh7 Rg5 55. Kh6 Rf5 56. Kh7 Rxh5# 0-1